02218 a2200193 45000010006000000050017000060080041000230030015000640400040000790800067001192450100001860200018002862640041003043000018003455051575003631000038019387000023019767000025019993487820260407155634.0260407a1980 arg spa dAR-UNSa-BCEJYS aAR-UNSa-BCEJYSbspacAR-UNSa-BCEJYS a658.16xReorganización financiera (Proyectos de inversión)10aEl subsistema de inversión y financiación de la empresapproblemas y fundamentos teóricos a84-368-0154-7 1aMadrid :bEdiciones Pirámidec1980 a506 pc23 cm. aParte I: La evaluación, comparación y selección de proyectos de inversión : 1. La evaluación de proyectos de inversión mediante criterios clásicos - 2. La dterminación de variables - 3. La inconistencia del criterio del tango interno de rendimiento - 4. La comparación de proyectos de inversión mutuamente excluyentes - 5. La programación de proyectos de inversión(capital budgeting) - 6. Aplicación de técnicas multicriterios a la evaluación, comparación y selección de proyectos de inversión - 7. La previsión de los flujos netos de caja - Parte II: Universo aleatorio: 8. Diferentes formas de introducir el riesgo en los criterios clásicos de evaluación de inversiones - 9. Estudio de la sensibilidad en los criterios de evaluación de proyectos de inversión - 10. La distribución probabilistica del valor y del tanto interno de rendimiento - 11. El análisis bayesiano y la teoría de la utilidad - 12. Las desiciones secuenciales de inversión - 13. La simulación de montecarlo - Parte III: La financiación de la empresa: 14. El análisis financiero - 15. La financiación interna - 16. La bolsa de valores - 17. Aspectos particulares de la financiación mediante obligaciones - 18. El efecto palanca(leverage) - 19. El riesgo financiero - 20. El coste de las distintas fuentes financieras. El coste medio ponderado de capital para un riesgo económico- financiero constante - 21. La estructura financiera óptima - 22. La tasa de retorno requerida - 23. La inversión financiera: Las carteras de valores.1 aDominguez Machuca, José Antonio1 aDurbán Oliva, S.1 aMartín Armario, E.